Регионална библиотека "Любен Каравелов" - Русе

Фразеологично богатство в творчеството на Алеко Константинов (Запис номер 103801)

MARC детайли
000 -Лидер
Контролно поле с фиксирана дължина 02229nam a2200445 c 4500
003 - Код на организацията, давaща контролен номер
Контролно поле BLK
005 - Дата и час на последна редакция
Контролно поле 20240704005337.0
008 - Елементи от данни с фиксирана дължина
fixed length control field 180409b bul|||||r ||||||| ||bul||
010 ## - Наследен системен номер
LC control number KNG00108881000
020 ## - Международен стандартен номер на книга ISBN
Международен стандартен номер на книга ISBN 954-8190-26-5
-- издат.: Лени-Ан
040 ## - Източник на каталожния запис
Идентификатор на билиотеката - собственик на записа BLK
041 ## - Код за език
Код за езика на текст/звукозапис или на отделно заглавие Български
Код за езика КДБФ Български
072 #7 - Код за тематичната категория
Код организация bullib
Код за тематична категория Я
Текст Автографи
080 ## - УДК
Текстов определител УДК Българска литература
УДК код - определител по УДК 821.163.2
УДК определител .09(092)
УДК - код + определител 821.163.2.09(092)
080 ## - УДК
Текстов определител УДК Българска литература
УДК код - определител по УДК 821.163.2
УДК определител .073.18
УДК - код + определител 821.163.2.073.18
080 ## - УДК
Текстов определител УДК Българска литература
УДК код - определител по УДК 821.163.2
УДК определител .03
УДК - код + определител 821.163.2.03
080 ## - УДК
Текстов определител УДК Български писател, адвокат и общественик (1863-1897)
УДК код - определител по УДК 929 Константинов, Алеко Иваницов
УДК определител
УДК - код + определител 929 Константинов, Алеко Иваницов
100 1# - Редна дума - Автор
Автор Недкова, Емилия Димитрова
Авторска отговорност първи автор
R(LIN) 291383
139 ## - Редно поле
Редна дума Недкова, Емилия Димитрова
Авторски знак Констан - К 82
245 10 - Сведения за заглавието
Заглавие Фразеологично богатство в творчеството на Алеко Константинов
Редно поле (дума) Емилия Димитрова Недкова.
257 ## - Страна на издаване
Страна на създаване/издаване България
260 ## - Област на издателските данни
-- Русе
Име на издателя, разпространителя и проч. Лени-Ан
Година на издаване 2003
Печатница Русе : Лени Ан
300 ## - Физическа характеристика
Страници 183 с.
Размери/Мащаб 22 см
380 ## - Жанр
Жанр Литературознание
500 ## - Общи забележки
Забележка Съдържа и Речник на фразеологизмите в творчеството на Алеко Константинов и техните съответствия на сръбски и руски език. - Библиогр. с. 175-182
650 #4 - Допълнително описание по предмет – тема
Основно описание – тема или топоним Писатели, български - език и стил
9 (RLIN) 279205
650 #0 - Допълнително описание по предмет – тема
Основно описание – тема или топоним Българска литература - превод на други езици
9 (RLIN) 309683
653 ## - Ключова дума – ненормативна
Ключова дума Алеко Константинов
653 ## - Ключова дума – ненормативна
Ключова дума българска литература
653 ## - Ключова дума – ненормативна
Ключова дума преводи
653 ## - Ключова дума – ненормативна
Ключова дума сръбски език
653 ## - Ключова дума – ненормативна
Ключова дума руски език
659 ## - Тематичен бюлетин
Тематичен бюлетин Я
852 ## - Местоположение
Форматна сигнатура Цб 216640
856 4# - Електронен адрес и достъп
Електронен формат pdf - файл
Път до файла /url/
856 4# - Електронен адрес и достъп
Електронен формат pdf - файл
Път до файла /url/
942 ## - АРТИКУЛИ
Вид на библиотечния материал Книги
Скрит в OPAC Не
Koha issues (borrowed), all copies 1
944 ## - СЪЗДАВАНЕ И РЕДАКЦИЯ на ЗАПИСА
Създаване/Редакция Създаване
Дата на регистрацията/редакция 12.11.2003
Служител, извършил регистрацията/редакцията
Статус, дата на статуса CRON CRON
944 ## - СЪЗДАВАНЕ И РЕДАКЦИЯ на ЗАПИСА
Създаване/Редакция Редакция
Дата на регистрацията/редакция 08.05.2012
Служител, извършил регистрацията/редакцията
999 ## - СИСТЕМНИ КОНТРОЛНИ НОМЕРА
Koha biblionumber 103801
Koha biblioitemnumber 103801
Наличности
Код за отписване Код за изгубен артикул Код за повреда Коз за рестрикции Код за отдаване Артикулен № Име на библиотеката - собственик Име на библиотеката, в която се намира в момента Статус (Текущо местоположение) Дата на вписване в системата Местоположение - отдел Цена в лева Номерация (Хронология) Инвентарен номер Систематично азбучна сигнатура Баркод Номер на екземпляра Цена в евро Служебна бележка Служебен тип на артикула Източник на класификационната схема
  Не е изгубен Не е повреден без рестрикции ползва се в читалня 167583 Регионална библиотека "Любен Каравелов" Русе Регионална библиотека "Любен Каравелов" Русе Хранилище 2003-11-12 Основен фонд - ползва се само за читалня 4.00 Автограф: Емилия Недкова 120000679915 Цб 216640 120000679915 1 2.05 Дост: DA Вид: А N: 26 Дата: 10.11.2003 Книги  
  Не е изгубен Не е повреден без рестрикции заемане за дома 167584 Регионална библиотека "Любен Каравелов" Русе Регионална библиотека "Любен Каравелов" Русе Заемна - подръчен фонд 2003-11-12 Заемна - подръчен фонд 4.00   120000679916 П 821.163.2.09(092)/К 82 120000679916 2 2.05 Дост: DA Вид: А N: 26 Дата: 10.11.2003 Дата инв: 07.02.2018 Бележки инв: П2018 Книги Universal Decimal Classification
Изтеглен Не е изгубен Не е повреден без рестрикции заемане за дома 167585 Регионална библиотека "Любен Каравелов" Русе Регионална библиотека "Любен Каравелов" Русе Заемна - подръчен фонд 2003-11-12 Заемна - подръчен фонд 4.00   120000679917 П 821.163.2.09(092)/К 82 120000679917 3 2.05 Дост: DA Вид: А N: 26 Дата: 10.11.2003 Книги Universal Decimal Classification
  Не е изгубен Не е повреден без рестрикции ползва се в читалня 167586 Регионална библиотека "Любен Каравелов" Русе Регионална библиотека "Любен Каравелов" Русе Хранилище 2004-07-16 Хранилище 4.00   120000687071 Цб 216640 120000687071 4 2.05 Дост: Dp Вид: Д N: 39 Дата: 17.09.2003 Книги  
Vip Innovations Ltd, Rousse, Bulgaria 2025